Native games : indigenous peoples and sports in the post-colonial world /

Bibliographic Details
Corporate Author: ebrary, Inc
Other Authors: Hallinan, Chris (Editor)
Format: eBook
Language:English
Published: Bingley : Emerald Group Publishing, 2013.
Edition:First edition.
Series:Research in the sociology of sport ; volume 7.
Subjects:
Online Access:Connect to the full text of this electronic book

MARC

Tag First Indicator Second Indicator Subfields
LEADER 00000cam a22000001i 4500
001 in00003399994
006 m |o d |
007 cr |n|||||||||
008 130821s2013 enk ob 001 0 eng d
005 20250816210758.9
020 |a 1781905924 (electronic bk.) 
020 |a 9781781905920 (electronic bk.) 
020 |z 9781781905913 (hardback) 
020 |z 1781905916 (hardback) 
035 |a (NhCcYBP)ebr10739178 
040 |a NhCcYBP  |c NhCcYBP  |d UtOrBLW 
050 4 |a GV709.5  |b .N38 2013 
082 0 4 |a 796.089  |2 23 
245 0 0 |a Native games :  |b indigenous peoples and sports in the post-colonial world /  |c edited by Chris Hallinan, Barry Judd. 
250 |a First edition. 
264 1 |a Bingley :  |b Emerald Group Publishing,  |c 2013. 
300 |a 1 online resource. 
336 |a text  |b txt  |2 rdacontent 
337 |a computer  |b c  |2 rdamedia 
338 |a online resource  |b cr  |2 rdacarrier 
490 1 |a Research in the sociology of sport,  |v Volume 7 
504 |a Includes bibliographical references and index. 
588 |a Description based on print version record. 
500 |a Electronic resource. 
650 0 |a Minorities in sports. 
650 0 |a Indigenous peoples  |x Sports. 
655 7 |a Electronic books.  |2 local 
700 1 |a Hallinan, Chris,  |e editor. 
710 2 |a ebrary, Inc. 
776 1 8 |c Original  |z 9781781905913  |z 1781905916 
830 0 |a Research in the sociology of sport ;  |v volume 7. 
856 4 1 |u https://ebookcentral.proquest.com/lib/tamucs/detail.action?docID=1325131  |y Connect to the full text of this electronic book  |t 0 
955 |a YBP purchased DDA e-records 
980 |b 172.43  |g 1 
987 |a ybp10888711 
999 f f |s fe786c38-a3b5-3c4c-8846-e0b75775126d  |i 200e8525-2d0c-3860-a397-b26f7cadc15f  |t 0 
999 |a MARS 
952 f f |a Texas A&M University  |b College Station  |c Electronic Resources  |d Available Online  |t 0  |e GV709.5 .N38 2013  |h Library of Congress classification 
998 f f |a GV709.5 .N38 2013  |t 0  |l Available Online